000
00301 a2200145 4500
001
178528
020
_a
040
_c
Magnum
100
_a
Málus
240
1
0
_a
O menino roal bola
_l
por
245
1
0
_a
O menino roal bola
362
0
_a
1899
697
_a
MAGNITO: I/AVENTURA, CRIANCAS
942
_c
BK
999
_c
178528
_d
178528